000 00965nam a2200301 i 4500
001 8887
003 ES-MaACL
005 20230906145545.0
007 t|
008 921111r19921987sp ||||1| spa d
020 _a84-306-9952-X
080 _a316.28
080 _a800.1
100 1 _aHabermas, Jürgen.
_961376
245 1 0 _aTeoría de la acción comunicativa /
_cJürgen Habermas.
250 _a1ª ed.: 1987, reimp.: 1992.
260 _aMadrid :
_bTaurus,
_c1992.
300 _a2 v. ;
_c22 cm.
490 1 _aHumanidades. Filosofía ;
_v278-279
500 _aÍndices.
504 _aBibliografía (v. 2): p. 573-608.
505 8 _aContiene: 1 ;
_tRacionalidad de la acción y racionalización social - 2 ;
_tCrítica de la razón funcionalista
650 1 4 _aComunicación.
_911187
650 4 _aLenguaje-
_xFilosofía.
_914344
830 0 _aHumanidades. Filosofía ;
_v278-279
_9192260
852 _aES-MaACL
_jL-16267-68
999 _c8887
_d8887